| 000 | 00633nam a2200229 a 4500 | ||
|---|---|---|---|
| 001 | BRCA_3605 | ||
| 005 | 20190320204341.0 | ||
| 008 | 110809s1958----nyu#---###---#000-0#eng-# | ||
| 041 | _aeng | ||
| 044 | _anyu | ||
| 050 | 4 |
_aD511.Z5 _b.T83 1958 |
|
| 100 | 1 |
_aTuchman, Barbara Wertheim _97796 |
|
| 245 | 1 | 0 |
_aThe Zimmermann telegram _cBarbara Wertheim Tuchman. |
| 260 |
_aNew York _bViking _c1958 |
||
| 300 |
_a244 p. _c22 cm. |
||
| 500 | _aIncluye notas e índice alfabético | ||
| 500 | _aB274 | ||
| 600 | 1 | 4 |
_aZimmermann, Alfred _d1859-1925 _99354 |
| 650 | 1 | 4 |
_aGuerra Europea, 1914-1918 _97797 |
| 902 | _aGFM | ||
| 942 |
_2lcc _cB |
||
| 999 |
_c3340 _d3340 |
||